MDQL
is popping MORE tags! Check the
thread
!
Quizzes
Events
Quiz Creation
Community
Videos
Private Events
Remove Ads
Sign In
Join for FREE
Feedback
Dark Mode
Quiz Categories
Sports
Geography
Music
Movies
Television
Just For Fun
Miscellaneous
History
Literature
Language
Science
Gaming
Entertainment
Religion
Holiday
For Kids
Quiz Lab
Recent
Popular Today
Quiz Kudos Today
Editor Picks
Curator Picks
Quizzes by...
Day
Popularity
Type
Ratings
Length
Year
Community
Subscriptions
Recent Discussions
Orange Saloon
Badges
Playlists
Quests
Create
Leaderboards
Showdown
Live 5
Trivia Bingo
Activity
Puzzle Library
Sporcle Events
Private Events
Virtual Trivia
Globe League
Become a Host
Pub Owners
SporcleCon
Opinionation
Our Games
Videos
Blog
Mobile Apps
Partnerships
Remove Ads and Go Orange
Feedback
Music
Pop Music
The Beatles
Song
Album
Lyrics
Bands
Singers
Artist
Clip
Rock
Rap
Classical
Billboard
Country Music
Kpop
Taylor Swift
Music
Pop Music
The Beatles
Song
Album
Lyrics
Bands
Singers
Artist
Clip
Rock
Rap
Classical
Billboard
Country Music
Kpop
Taylor Swift
Random Quiz
Search Sporcle
×
Quiz Lab
Quiz Lab
Music
Kpop
Type answers based on single images at one time
Type answers based on single images at one time
Slideshow
Best Score? Go Orange.
Guess The K-POP Idol [Boy Group] Stats
Can you name the male K-POP idol?
By
taelien
15m
55 Questions
1,352 Plays
1,352 Plays
1,352 Plays
Comments
Comments
Give Quiz Kudos
Give Quiz Kudos
-
- Ratings
hide this ad
No Peeking
Image is hidden before quiz starts
Image is hidden before quiz starts
Replay
Link that replays current quiz
Next Quiz
Link to next quiz in quiz playlist
You Got
0%
They Got
Avg Score
68%
Avg Friend Score
Upgrade to see
Score Distribution
Jump to the score distribution portion of the page
Score
0/55
Timer
15:00
0
Plays Today
% Correct
Suga
94.7%
Jimin
92.3%
Rap Monster
91.3%
D.O
91.1%
Jin
90.3%
Jungkook
90.1%
J-Hope
89.4%
Suho
89.3%
BamBam
88.4%
G-Dragon
87.7%
Kai
87.2%
Mark
86.1%
Lay
86%
Taeyang
86%
Chanyeol
85.6%
Jackson
84.7%
Jinyoung
84.1%
JB
83.9%
Chen
83.7%
Xiumin
82.4%
Youngjae
81.7%
Woozi
81.5%
Sehun
81%
Yugyeom
80.8%
Baekhyun
80.8%
Daesung
79.9%
Vernon
78.1%
Mingyu
77.5%
% Correct
Mark
77.5%
Seungri
77.1%
Taeyong
76.8%
S.Coups
76.4%
V
76.4%
Hoshi
76.3%
Jeonghan
76.1%
Joshua
74.4%
Dino
74.1%
Jun
73.4%
The8
72.9%
DK
71.7%
Seungkwan
71.5%
Johnny
71.5%
Wonwoo
69.2%
Ten
68%
Jeno
67.8%
WInWin
67.5%
Jisung
66.3%
Doyoung
64.9%
Yuta
64.6%
Jaehyun
64.3%
Chenle
63.8%
Taeil
62.4%
Haechan
60.8%
Renjun
60.3%
Jaemin
59.7%
Quiz Playlist
Details
Report
Send in Message
Add To Playlist
Slideshow:
Type answers based on single images at one time
No Peeking:
Image is hidden before quiz starts
Last Updated: May 7, 2017
Quiz Scoreboard
CHALLENGE
Sign Up to Join the Scoreboard
Show All
Scores
Hide
Comments
May contain spoilers
Recently Published
5x2 Blitz: Bands
by SL_Kpop136
Music
30s
Colored Red Africa Blitz
by spor1
Geography
30s
Find the 'City' Movie
by crazypaving
Movies
60s
More to Explore
Quiz From the Vault
Featured Blog Post
14 Easter Pick-up Lines to Find Eggs With
hide this ad
You Might Also Like...
Tags
Kpop Quiz
Big Bang
BTS
Exo
Got7
Kpop Idol
NCT
Seventeen
Today's Top Quizzes in Music
Browse Music
hide this ad
Today's Top Quizzes in Kpop
Browse Kpop
Top Contributed Quizzes in Music
1
5X2 Blitz: Bands II
2
Taylor Swift All Songs (2024)
3
5X2 Blitz: The Beatles
4
5X2 Blitz: Billboard
5
Taylor Swift Logic Puzzle
6
Taylor Swift Logic Puzzle II
7
5X2 Blitz: Album
8
5X2 Blitz: Billboard II
9
Music Artist by Three 2010s hits
10
5X2 Blitz: Rock
Explore More
Trending Topics
Marvel
Anime
Harry Potter
NBA
Crossword
Kpop
Disney
NFL
Country
Song
WWE
Soccer
The Office
Puzzle
Pokémon
hide this ad
More By:
taelien
Quiz
Plays
Rating
Category
Featured
Created
Identify the NCT 127 Members
31,587
4.67
Music
Apr 12, 2017
Identify the NCT DREAM Members
3,405
3.00
Music
May 7, 2017
Guess The K-POP Idol [Boy Group]
1,352
5.00
Music
Apr 12, 2017
Go to Creator's Profile
Score Distribution
Quiz Creator Spotlight
taelien
Follow
Send a Message
Quizzes Created
-
Created Quiz Play Count
-
More By This Creator
Popular Quizzes Today
1
5x2 Blitz: Bands
2
Find the 'City' Movie
3
Find the US States - No Outlines Minefield
4
Colored Red Africa Blitz
5
The Countries of the World
6
Find the US States
7
Risky Map Clicking: Biggest States A-Z
8
9x9 Crossword: Cartoon Network
More Music Quizzes
#1 Hits of 1998 - Image Multiple Choice
Quiz Lab
Trending Quizzes
Colored Red Africa Blitz II
Colored Red Europe Blitz I
Find the 'Dark' Movie
Find the 'Day' Movie
Find the 'Good' Movie
Recently Updated
Champions League XIs: Real Madrid
pecheneg
Largest US Cities 1790-2010
pecheneg
Rides in Walt Disney World
pecheneg
Most Oscar Losses (Acting)
pecheneg
Beyoncé Albums
pecheneg
Leaping Animals
pecheneg
Reality TV Shows (A-Z)
bhenderson79
Rickey Henderson's Hall of Fame Teammates
pecheneg
Champions League XIs: Arsenal
pecheneg
Quick Pick: Celebrities in WWE's Hall of Fame
aduchscher
Trending Topics
NBA
Anime
Harry Potter
Disney
Kpop
Crossword
Marvel
Soccer
The Office
NFL
Song
Pokémon
WWE
Puzzle
Country
Your Account Isn't Verified!
In order to create a playlist on Sporcle, you need to verify the email address you used during registration. Go to your
Sporcle Settings
to finish the process.
Report this User
Report this user for behavior that violates our
Community Guidelines
.
Details:
Send Report
Go to the Sporcle.com Mobile Site →
Comments